000 00372nam a22001217a 4500
008 230614b xxu||||| |||| 00| 0 eng d
020 _a978-9966-008-52-7
082 _a658.154
_bCHI 2011
245 _aBudget Preparation for Projects and Organisations
_cJohn Chikati
260 _aNairobi, Kenya
_bREPARED Publishing Department
_c2011
300 _avii, 54p
942 _2ddc
_cBK
999 _c1143
_d1143